[Event "Titled Tuesday intern op 02nd Apr Early"]
[Site "Chess.com INT"]
[Date "2024.04.02"]
[Round "9"]
[White "Kozlov, Gennady"]
[Black "Parfenov, Viktor N"]
[Result "0-1"]
[WhiteElo "2410"]
[BlackElo "2193"]
[PlyCount "72"]
[EventDate "2024.04.02"]
[EventType "swiss (blitz)"]
[EventRounds "11"]
[EventCountry "USA"]
[SourceTitle "CB15_2024"]
[SourceDate "2024.04.10"]
[SourceVersion "1"]
[SourceVersionDate "2024.04.10"]
[SourceQuality "1"]

1. b3 e5 2. Bb2 Nc6 3. e3 d5 4. Bb5 Nge7 5. Bxe5 a6 6. Bxc6+ Nxc6 7. Bb2 Qg5 8. g3 h5 9. f4 Qg6 10. Nf3 h4 11. Nc3 hxg3 12. Nxd5 g2 13. Rg1 Bd6 14. Qe2 Bh3 15. 0-0-0 0-0-0 16. e4 f5 17. e5 Bc5 18. d4 Rxd5 19. dxc5 Rxd1+ 20. Qxd1 Qg4 21. Ng5 Qxf4+ 22. Qd2 Qf1+ 23. Qd1 Rd8 24. Rxf1 gxf1Q 25. Qxf1 Bxf1 26. e6 Re8 27. Bxg7 f4 28. h4 Nd8 29. Be5 Nxe6 30. Nxe6 Rxe6 31. Bxf4 Be2 32. Bg5 Kd7 33. b4 Bh5 34. a3 Kc6 35. Kb2 Kd5 36. c3 Kc4 0-1

[Event "Titled Tuesday intern op 06th Feb Early"]
[Site "Chess.com INT"]
[Date "2024.02.06"]
[Round "3"]
[White "Kozlov, Gennady"]
[Black "Bjerre, Jonas Buhl"]
[Result "1/2-1/2"]
[WhiteElo "2400"]
[BlackElo "2642"]
[PlyCount "118"]
[EventDate "2024.02.06"]
[EventType "swiss (blitz)"]
[EventRounds "11"]
[EventCountry "USA"]
[SourceTitle "CB07_2024"]
[SourceDate "2024.02.14"]
[SourceVersion "1"]
[SourceVersionDate "2024.02.14"]
[SourceQuality "1"]

1. Nf3 Nf6 2. g3 c5 3. Bg2 Nc6 4. 0-0 g6 5. c3 Bg7 6. d4 d5 7. Bf4 0-0 8. Nbd2 b6 9. Re1 Bb7 10. Ne5 Rc8 11. Nxc6 Bxc6 12. Nf3 Nd7 13. Qd2 b5 14. Bh6 Qb6 15. Bxg7 Kxg7 16. Ne5 Nxe5 17. dxe5 Rfd8 18. Qf4 d4 19. Bxc6 Qxc6 20. cxd4 Rxd4 21. Qg5 Qe6 22. Red1 Rcd8 23. Rxd4 Rxd4 24. Qe3 Qd5 25. f4 h5 26. a3 Re4 27. Qd3 Qc4 28. Kf2 h4 29. Rd1 g5 30. Qxc4 hxg3+ 31. hxg3 Rxc4 32. Rd7 gxf4 33. gxf4 Rxf4+ 34. Ke3 Ra4 35. Rxe7 Kg6 36. Rc7 c4 37. Kd4 Ra6 38. Kc5 Re6 39. Kxb5 Rxe5+ 40. Kxc4 Rxe2 41. Rxa7 Rxb2 42. a4 f5 43. a5 f4 44. Ra8 Kg7 45. Ra7+ Kg6 46. Ra6+ Kf5 47. Ra8 Ke4 48. Re8+ Kf3 49. a6 Ra2 50. Kb5 Kf2 51. Kb6 f3 52. a7 Kf1 53. Re5 Rxa7 54. Kxa7 f2 55. Rf5 Kg2 56. Rg5+ Kf3 57. Rf5+ Kg2 58. Kb6 f1Q 59. Rxf1 Kxf1 1/2-1/2

[Event "Catalunya-chT Gp2"]
[Site "Barcelona"]
[Date "2024.01.27"]
[Round "2.6"]
[White "Alcala Gonzalez, Cesar"]
[Black "Kozlov, Gennady"]
[Result "1-0"]
[WhiteElo "2247"]
[BlackElo "2404"]
[PlyCount "133"]
[EventDate "2024.01.20"]
[EventType "team-tourn"]
[EventRounds "7"]
[EventCountry "ESP"]
[SourceTitle "CB06_2024"]
[SourceDate "2024.02.07"]
[SourceVersion "1"]
[SourceVersionDate "2024.02.07"]
[SourceQuality "1"]
[WhiteTeam "Barcelona Escacs CC"]
[BlackTeam "Platja D'Aro"]
[WhiteTeamCountry "ESP"]
[BlackTeamCountry "ESP"]

1. d4 e6 2. c4 Nf6 3. Nc3 d5 4. cxd5 exd5 5. Bg5 Be7 6. e3 c6 7. Bd3 Nbd7 8. h3 Nf8 9. Nf3 Ne6 10. Bh4 g6 11. 0-0 Nh5 12. Bxe7 Qxe7 13. e4 dxe4 14. Bxe4 Nhf4 15. d5 cxd5 16. Nxd5 Nxd5 17. Qxd5 0-0 18. Rfe1 Nf4 19. Qd4 Rd8 20. Bxb7 Qxe1+ 21. Rxe1 Rxd4 22. Bxa8 Rc4 23. b3 Rc7 24. Nd4 a6 25. h4 Kg7 26. g3 Nd3 27. Re3 Rc1+ 28. Kg2 Rd1 29. Nf3 Be6 30. Ng5 Rd2 31. Ne4 Rd1 32. Nc3 Rd2 33. Re2 Rxe2 34. Nxe2 Kf6 35. Kf3 Ke5 36. Ke3 Nb4 37. f4+ Kf5 38. Be4+ Kg4 39. a3 Nd5+ 40. Kf2 Nf6 41. Bf3+ Kh3 42. Nd4 Ng4+ 43. Bxg4+ Bxg4 44. b4 Bd7 45. Nb3 Kg4 46. Nc5 Bb5 47. a4 Bc4 48. Ne4 h6 49. Nd6 Bd5 50. b5 axb5 51. axb5 f5 52. b6 g5 53. Nf7 gxf4 54. Nxh6+ Kh5 55. Nxf5 Kg4 56. Nh6+ Kh5 57. gxf4 Kxh6 58. Ke3 Kg6 59. Kd4 Bf3 60. Ke5 Kf7 61. f5 Ke7 62. h5 Kf7 63. h6 Kg8 64. Ke6 Kh7 65. Ke7 Kxh6 66. f6 Bd5 67. f7 1-0

[Event "Titled Tuesday intern op 16th May Late"]
[Site "Chess.com INT"]
[Date "2023.05.16"]
[Round "1"]
[White "Paravyan, David"]
[Black "Kozlov, Gennady"]
[Result "1/2-1/2"]
[WhiteElo "2601"]
[BlackElo "2401"]
[PlyCount "109"]
[EventDate "2023.05.16"]
[EventType "swiss (blitz)"]
[EventRounds "11"]
[EventCountry "USA"]
[SourceTitle "CBM 214 Extra"]
[Source "ChessBase"]
[SourceDate "2023.07.31"]
[SourceVersion "1"]
[SourceVersionDate "2023.07.31"]
[SourceQuality "1"]

1. d4 e6 2. e4 d5 3. Nc3 Nf6 4. e5 Nfd7 5. f4 c5 6. Nf3 Nc6 7. Be3 Qb6 8. Na4 Qa5+ 9. c3 cxd4 10. b4 Nxb4 11. cxb4 Bxb4+ 12. Bd2 Bxd2+ 13. Nxd2 0-0 14. Bd3 b5 15. Nb2 Qc3 16. Qb1 Nc5 17. Bxh7+ Kh8 18. Bd3 f6 19. Ke2 fxe5 20. Rc1 Qa3 21. fxe5 Ba6 22. Rxc5 Qxc5 23. Qe1 Rf4 24. Qg3 Raf8 25. Qh3+ Kg8 26. Qxe6+ R8f7 27. Rf1 Rxf1 28. Nxf1 Bc8 29. Qe8+ Qf8 30. Qxf8+ Kxf8 31. h3 Re7 32. Kd2 a6 33. Nh2 Rxe5 34. Nf3 Re3 35. Nd1 Re7 36. Nxd4 b4 37. Ne3 Rf7 38. Ke1 a5 39. Nc6 d4 40. Nc2 Bb7 41. Nxa5 Bxg2 42. Nxd4 Bxh3 43. Nac6 Rd7 44. Bb5 Bg2 45. Kf2 Bxc6 46. Nxc6 Rd2+ 47. Be2 Rxa2 48. Nxb4 Rb2 49. Nd3 Rb6 50. Ne1 g5 51. Nf3 g4 52. Ne5 g3+ 53. Kxg3 Re6 54. Kf4 Rxe5 55. Kxe5 1/2-1/2

[Event "Titled Tuesday intern op 21st Mar Late"]
[Site "Chess.com INT"]
[Date "2023.03.21"]
[Round "2"]
[White "Kozlov, Gennady"]
[Black "Narayanan, Sunilduth Lyna"]
[Result "1-0"]
[WhiteElo "2401"]
[BlackElo "2664"]
[PlyCount "167"]
[EventDate "2023.03.21"]
[EventType "swiss (blitz)"]
[EventRounds "11"]
[EventCountry "USA"]
[SourceTitle "EXT 2024"]
[Source "ChessBase"]
[SourceDate "2023.10.10"]
[SourceVersion "1"]
[SourceVersionDate "2023.10.10"]
[SourceQuality "1"]

1. b3 a5 2. Bb2 a4 3. bxa4 Rxa4 4. Nf3 Rb4 5. Bc3 Rb6 6. Bd4 Rg6 7. g3 Nc6 8. Bb2 h5 9. Bg2 h4 10. c4 h3 11. Bf1 d6 12. Nc3 e5 13. d3 Nf6 14. Qd2 Bg4 15. Nh4 Rxh4 16. gxh4 Nd4 17. 0-0-0 c6 18. Rg1 b5 19. cxb5 cxb5 20. f3 Be6 21. Rxg6 fxg6 22. e3 Nf5 23. Nxb5 Qb6 24. d4 e4 25. fxe4 Nxe4 26. Qc2 d5 27. Nc7+ Kf7 28. Nxe6 Qxe6 29. Bxh3 Kg8 30. Rf1 Qa6 31. Qb3 Qc6+ 32. Kd1 Ned6 33. Bxf5 gxf5 34. Ba3 Qa6 35. Re1 Ne4 36. Bxf8 Kxf8 37. a3 Kg8 38. Qxd5+ Kh8 39. Qb3 Qa5 40. Qb4 Qa6 41. Qb3 Qa5 42. Re2 Nc3+ 43. Ke1 Ne4+ 44. Kf1 Qa6 45. Qc2 Kh7 46. a4 Qa8 47. Rg2 Nd6 48. Qc7 Qf3+ 49. Rf2 Qd1+ 50. Kg2 Qg4+ 51. Kf1 Ne4 52. Qf4 Qd1+ 53. Kg2 g6 54. a5 Nxf2 55. Qxf2 Qg4+ 56. Qg3 Qe2+ 57. Kh3 Qf1+ 58. Qg2 Qe1 59. Qf3 Qxa5 60. d5 Qc5 61. h5 Kh6 62. hxg6 Kxg6 63. Kg3 Qb4 64. h4 Qe1+ 65. Qf2 Qd1 66. Qf3 Qe1+ 67. Qf2 Qd1 68. Kh2 Kf6 69. Qg2 Qe1 70. Qg5+ Kf7 71. h5 Qd2+ 72. Kg3 Qxd5 73. h6 Qe5+ 74. Kf3 Qe4+ 75. Kf2 Qc2+ 76. Kg3 Qc7+ 77. Qf4 Qd7 78. Kh4 Kg6 79. Qg5+ Kh7 80. Qg7+ Qxg7 81. hxg7 f4 82. exf4 Kxg7 83. Kg5 Kf7 84. Kf5 1-0

[Event "Catalunya-chT Gp1 Final"]
[Site "Barcelona"]
[Date "2023.03.18"]
[Round "1.3"]
[White "Gonzalez Garcia, Jose"]
[Black "Kozlov, Gennady"]
[Result "1-0"]
[WhiteElo "2450"]
[BlackElo "2401"]
[PlyCount "139"]
[EventDate "2023.03.18"]
[EventType "team-k.o."]
[EventRounds "3"]
[EventCountry "ESP"]
[SourceTitle "EXT 2024"]
[Source "ChessBase"]
[SourceDate "2023.10.10"]
[SourceVersion "1"]
[SourceVersionDate "2023.10.10"]
[SourceQuality "1"]
[WhiteTeam "Valls"]
[BlackTeam "Platja D'Aro"]
[WhiteTeamCountry "ESP"]
[BlackTeamCountry "ESP"]

1. d4 e6 2. c4 Bb4+ 3. Bd2 Bxd2+ 4. Qxd2 f5 5. Nc3 Nf6 6. g3 d6 7. Bg2 0-0 8. e3 Qe7 9. Nge2 c6 10. 0-0 Nbd7 11. Qc2 d5 12. cxd5 Nxd5 13. Rac1 N7f6 14. Qb3 Kh8 15. Nf4 Nxc3 16. Qxc3 Nd5 17. Qc5 Qxc5 18. Rxc5 Nxf4 19. gxf4 Bd7 20. b4 a6 21. Rfc1 Kg8 22. a4 Rac8 23. Kf1 Kf7 24. Ke2 Ke7 25. Kd2 Kd6 26. Bf3 Rf6 27. h4 Rh6 28. Rg1 Rg6 29. Rg3 b6 30. Rc1 Be8 31. Be2 Ra8 32. Rxg6 hxg6 33. a5 Rb8 34. axb6 Rxb6 35. Kc3 Rb8 36. Ra1 Ra8 37. Rxa6 Rxa6 38. Bxa6 Bf7 39. Bc4 Kc7 40. f3 Kd6 41. Kb3 Kc7 42. Ka4 Kb6 43. e4 Bg8 44. b5 Bf7 45. Kb4 Bg8 46. bxc6 Kxc6 47. Bb5+ Kd6 48. Be8 Bh7 49. e5+ Ke7 50. Bb5 Bg8 51. Kc5 Bf7 52. Bc6 Bg8 53. d5 exd5 54. Bxd5 Bh7 55. Kc6 g5 56. fxg5 Bg6 57. f4 Bh5 58. Kc5 Be2 59. Kd4 g6 60. Ke3 Bb5 61. Bf3 Be8 62. Kf2 Kf8 63. h5 gxh5 64. Kg3 Kg7 65. Kh4 Bf7 66. Bxh5 Bd5 67. Be8 Be4 68. g6 Kh6 69. e6 Kg7 70. Kg5 1-0

[Event "Titled Tuesday intern op 14th Mar Early"]
[Site "Chess.com INT"]
[Date "2023.03.14"]
[Round "1"]
[White "Makhnev, Denis"]
[Black "Kozlov, Gennady"]
[Result "1-0"]
[WhiteElo "2483"]
[BlackElo "2401"]
[PlyCount "133"]
[EventDate "2023.03.14"]
[EventType "swiss (blitz)"]
[EventRounds "11"]
[EventCountry "USA"]
[SourceTitle "EXT 2024"]
[Source "ChessBase"]
[SourceDate "2023.10.10"]
[SourceVersion "1"]
[SourceVersionDate "2023.10.10"]
[SourceQuality "1"]

1. d4 e6 2. c4 b6 3. a3 Bb7 4. Nc3 Nf6 5. Nf3 Be7 6. d5 d6 7. e4 e5 8. Bd3 a5 9. 0-0 Na6 10. Rb1 Bc8 11. b4 axb4 12. axb4 0-0 13. Ne1 Bg4 14. Be2 Bxe2 15. Qxe2 Nd7 16. Nc2 f5 17. exf5 Rxf5 18. Ra1 Qc8 19. Be3 Bg5 20. Ra2 Rb8 21. c5 bxc5 22. Qxa6 Qxa6 23. Rxa6 cxb4 24. Ne4 Bxe3 25. Nxe3 Rf4 26. f3 b3 27. Rc6 Rb7 28. Rb1 Nf6 29. Nxf6+ gxf6 30. Rc3 Rfb4 31. Kf2 Kf7 32. g4 Kg6 33. Rb2 h5 34. h4 hxg4 35. fxg4 f5 36. gxf5+ Kh5 37. Kg3 Rxh4 38. Rbxb3 Rxb3 39. Rxb3 Re4 40. Kf3 Rf4+ 41. Ke2 Kg5 42. Rb7 Re4 43. Kd2 Rd4+ 44. Kc3 Re4 45. Nc4 Rd4 46. Rxc7 Rxd5 47. Rf7 Rc5 48. Kd3 Rd5+ 49. Ke2 Rd4 50. Ne3 Re4 51. Rg7+ Kf6 52. Rg6+ Ke7 53. Re6+ Kd7 54. Kf3 Rf4+ 55. Kg3 Re4 56. Kf2 Rf4+ 57. Ke2 Rxf5 58. Rh6 Rf7 59. Kd3 Rf4 60. Nc4 Rd4+ 61. Kc3 Rd5 62. Nb6+ Kc6 63. Nxd5 Kxd5 64. Kd3 Kc5 65. Ke4 Kc6 66. Rh8 Kc5 67. Rc8+ 1-0

[Event "Titled Tuesday intern op 27th Dec Late"]
[Site "Chess.com INT"]
[Date "2022.12.27"]
[Round "1"]
[White "Kovacs, Klara"]
[Black "Kozlov, Gennady"]
[Result "0-1"]
[WhiteElo "2121"]
[BlackElo "2371"]
[PlyCount "68"]
[EventDate "2022.12.27"]
[EventType "swiss (blitz)"]
[EventRounds "11"]
[EventCountry "USA"]
[SourceTitle "EXT 2024"]
[Source "ChessBase"]
[SourceDate "2023.10.10"]
[SourceVersion "1"]
[SourceVersionDate "2023.10.10"]
[SourceQuality "1"]

1. c4 e6 2. Nf3 b6 3. Nc3 Bb7 4. g3 f5 5. Bg2 Nf6 6. d3 Be7 7. 0-0 0-0 8. Bg5 Qe8 9. Qd2 a5 10. Nb5 Na6 11. a3 Bc6 12. Nbd4 Bb7 13. Rab1 Rb8 14. b4 axb4 15. axb4 Qh5 16. Rb2 h6 17. Bxf6 Bxf6 18. Ra2 Qf7 19. e3 Qe7 20. Nc2 g5 21. h3 Qd6 22. d4 c5 23. dxc5 Qxd2 24. Nxd2 Bc8 25. cxb6 Rxb6 26. b5 Nc5 27. Nb4 d5 28. Rc1 dxc4 29. Nxc4 Rxb5 30. Nc6 Nd3 31. Rd1 Nb4 32. Nxb4 Rxb4 33. Nd6 Rd8 34. Ra6 Bxa6 0-1

[Event "Titled Tuesday intern op 27th Dec Late"]
[Site "Chess.com INT"]
[Date "2022.12.27"]
[Round "4"]
[White "Orzech, Dominik"]
[Black "Kozlov, Gennady"]
[Result "1/2-1/2"]
[WhiteElo "2313"]
[BlackElo "2371"]
[PlyCount "139"]
[EventDate "2022.12.27"]
[EventType "swiss (blitz)"]
[EventRounds "11"]
[EventCountry "USA"]
[SourceTitle "EXT 2024"]
[Source "ChessBase"]
[SourceDate "2023.10.10"]
[SourceVersion "1"]
[SourceVersionDate "2023.10.10"]
[SourceQuality "1"]

1. d4 e6 2. Nf3 b6 3. e4 Bb7 4. Bd3 d5 5. exd5 Bxd5 6. Nc3 Bb7 7. 0-0 Nf6 8. Re1 Be7 9. Bg5 0-0 10. Qe2 h6 11. Bh4 c5 12. Rad1 Nbd7 13. dxc5 Bxc5 14. Ne4 Be7 15. Bxf6 Bxf6 16. Bb5 Bxe4 17. Qxe4 Nc5 18. Rxd8 Nxe4 19. Rxf8+ Kxf8 20. Rxe4 Bxb2 21. Kf1 a6 22. Ra4 Rc8 23. Bd3 a5 24. Rc4 Rb8 25. Rc7 b5 26. Ke2 b4 27. h4 a4 28. g4 b3 29. axb3 axb3 30. cxb3 Rxb3 31. g5 Ba1 32. h5 Rb2+ 33. Ke3 hxg5 34. Nxg5 Rb8 35. Rxf7+ Kg8 36. Bh7+ Kh8 37. Bg6 Rb3+ 38. Ke2 Rb2+ 39. Kf1 Rb8 40. Nxe6 Bf6 41. Rf8+ Rxf8 42. Nxf8 Kg8 43. Ne6 Kh8 44. Ke2 Kg8 45. Kd3 Kh8 46. Kc4 Kg8 47. Kd5 Kh8 48. Kd6 Kg8 49. Kd7 Bh4 50. f4 Bg3 51. Ke8 Bh2 52. f5 Be5 53. Ng5 Bf6 54. Bf7+ Kh8 55. Ne4 Bb2 56. Kf8 Kh7 57. Bg6+ Kh6 58. Kf7 Ba1 59. Nd6 Bb2 60. Nc4 Ba1 61. Ne3 Bb2 62. Nd5 Ba1 63. Ne7 Bb2 64. Ng8+ Kg5 65. Kf8 Ba1 66. Kf7 Bb2 67. Ne7 Kh6 68. Nd5 Ba1 69. Ne3 Bb2 70. Nd5 1/2-1/2

[Event "Titled Tuesday intern op 13th Dec Early"]
[Site "Chess.com INT"]
[Date "2022.12.13"]
[Round "5"]
[White "Aradhya, Garg"]
[Black "Kozlov, Gennady"]
[Result "1/2-1/2"]
[WhiteElo "2312"]
[BlackElo "2371"]
[PlyCount "138"]
[EventDate "2022.12.13"]
[EventType "swiss (blitz)"]
[EventRounds "11"]
[EventCountry "USA"]
[SourceTitle "EXT 2024"]
[Source "ChessBase"]
[SourceDate "2023.10.10"]
[SourceVersion "1"]
[SourceVersionDate "2023.10.10"]
[SourceQuality "1"]

1. d4 e6 2. e4 d5 3. e5 c5 4. c3 Nc6 5. Nf3 Bd7 6. Be2 Qb6 7. dxc5 Bxc5 8. 0-0 f6 9. b4 Be7 10. Bf4 fxe5 11. Nxe5 Nxe5 12. Bxe5 Nf6 13. a4 Bd6 14. Bh5+ Nxh5 15. Qxh5+ g6 16. Qe2 Bxe5 17. Qxe5 0-0-0 18. Nd2 Qc7 19. Nf3 Rhf8 20. Rfe1 Rf5 21. Qd4 Rxf3 22. gxf3 Kb8 23. Qe5 Rf8 24. Kg2 Qxe5 25. Rxe5 Kc7 26. c4 Kd6 27. Re2 dxc4 28. Rc2 Bc6 29. Rxc4 Bxf3+ 30. Kg3 Bd5 31. Rf4 Rc8 32. Re1 Rc3+ 33. Re3 Rc2 34. Rf7 h5 35. Rf6 Rc4 36. Rxg6 Rxb4 37. a5 h4+ 38. Kh3 Be4 39. Rxe6+ Kxe6 40. f3 Kf5 41. fxe4+ Rxe4 42. Rb3 Re5 43. Rxb7 Rxa5 44. Kxh4 Ra2 45. h3 a5 46. Kh5 a4 47. h4 a3 48. Ra7 Kf6 49. Kh6 Rh2 50. Ra6+ Kf5 51. Ra5+ Kg4 52. Ra4+ Kf5 53. Ra5+ Ke4 54. Ra4+ Kd5 55. h5 a2 56. Kg6 Kc5 57. h6 Kb5 58. Ra8 Kb4 59. h7 Kb3 60. Rb8+ Kc3 61. Ra8 Kb2 62. Rb8+ Kc1 63. Rc8+ Kb1 64. Rb8+ Kc1 65. Rc8+ Kb2 66. Rb8+ Kc3 67. Ra8 Kb3 68. Rb8+ Ka3 69. Ra8+ Kb3 1/2-1/2

[Event "Titled Tuesday intern op 19th Jul Early"]
[Site "Chess.com INT"]
[Date "2022.07.19"]
[Round "2"]
[White "Kozlov, Gennady"]
[Black "Maghsoodloo, Parham"]
[Result "0-1"]
[WhiteElo "2371"]
[BlackElo "2701"]
[PlyCount "78"]
[EventDate "2022.07.19"]
[EventType "swiss (blitz)"]
[EventRounds "11"]
[EventCountry "USA"]
[SourceTitle "EXT 2023"]
[Source "ChessBase"]
[SourceDate "2022.10.05"]
[SourceVersion "1"]
[SourceVersionDate "2022.10.05"]
[SourceQuality "1"]

1. d4 Nf6 2. c4 e6 3. Nc3 d5 4. Nf3 c6 5. e3 Bd6 6. Bd3 Nbd7 7. 0-0 0-0 8. b3 Qe7 9. Bb2 Rd8 10. Qc2 h6 11. Rad1 b6 12. Rfe1 Bb7 13. e4 dxc4 14. bxc4 e5 15. d5 Nc5 16. Nh4 g6 17. g3 Rac8 18. Bc1 Kh7 19. Qd2 Nxd3 20. Qxd3 Bb4 21. Bd2 Ba6 22. Qe3 Ng4 23. Qf3 h5 24. h3 Nh6 25. Bxh6 Kxh6 26. Ng2 Bxc4 27. dxc6 Rxd1 28. Rxd1 Bxc3 29. Qxc3 Rxc6 30. Ne3 b5 31. a3 Kh7 32. Qd2 Be6 33. g4 Qh4 34. Qb2 hxg4 35. Qxb5 Rc8 36. hxg4 Bxg4 37. Ng2 Qh3 38. Qd5 Bf3 39. Qxf7+ Kh6 0-1

[Event "Titled Tuesday intern op 05th Jul Early"]
[Site "Chess.com INT"]
[Date "2022.07.05"]
[Round "8"]
[White "Kozlov, Gennady"]
[Black "Harvey, Marcus Ross"]
[Result "0-1"]
[WhiteElo "2371"]
[BlackElo "2454"]
[PlyCount "78"]
[EventDate "2022.07.05"]
[EventType "swiss (blitz)"]
[EventRounds "11"]
[EventCountry "USA"]
[SourceTitle "CBM 209 Extra"]
[Source "ChessBase"]
[SourceDate "2022.09.30"]
[SourceVersion "1"]
[SourceVersionDate "2022.09.30"]
[SourceQuality "1"]

1. b3 e5 2. Bb2 Nc6 3. e3 Nf6 4. d4 exd4 5. exd4 d5 6. Nf3 Bd6 7. Bd3 0-0 8. 0-0 Re8 9. h3 Ne4 10. Nbd2 Bf5 11. Re1 h6 12. c4 Nxf2 13. Rxe8+ Qxe8 14. Kxf2 Bxd3 15. cxd5 Nb4 16. Nc4 Bf4 17. Bc1 Bc2 18. Bxf4 Bxd1 19. Rxd1 Nxd5 20. Bg3 f6 21. Re1 Qf7 22. Ne3 Nb4 23. Re2 Re8 24. Rd2 c6 25. Nc4 Qg6 26. Bd6 Nd5 27. Kg1 Qb1+ 28. Kh2 b5 29. Na5 Ne3 30. Rf2 Nf1+ 31. Kg1 Ng3+ 32. Kh2 Ne4 33. Rd2 Nxd6 34. Nxc6 Re3 35. d5 Kh7 36. Nxa7 Rd3 37. Re2 Rxd5 38. Nc6 Rd1 39. Ne7 Ne4 0-1

[Event "Titled Tuesday intern op 05th Jul Late"]
[Site "Chess.com INT"]
[Date "2022.07.05"]
[Round "2"]
[White "Kozlov, Gennady"]
[Black "Riehle, Marco"]
[Result "0-1"]
[WhiteElo "2371"]
[BlackElo "2353"]
[PlyCount "59"]
[EventDate "2022.07.05"]
[EventType "swiss (blitz)"]
[EventRounds "11"]
[EventCountry "USA"]
[SourceTitle "CBM 209 Extra"]
[Source "ChessBase"]
[SourceDate "2022.09.30"]
[SourceVersion "1"]
[SourceVersionDate "2022.09.30"]
[SourceQuality "1"]

1. d4 d5 2. c4 e6 3. Nc3 c5 4. Nf3 cxd4 5. Nxd4 e5 6. Ndb5 a6 7. Na3 d4 8. Nd5 Nf6 9. Nxf6+ Qxf6 10. e3 Bb4+ 11. Bd2 dxe3 12. fxe3 Bxd2+ 13. Qxd2 0-0 14. Bd3 Nc6 15. 0-0-0 Be6 16. g4 Rfd8 17. g5 Qe7 18. Qg2 Nb4 19. Be4 Nxa2+ 20. Kc2 Qb4 21. Bd5 Bxd5 22. Rxd5 Qb6 23. Rxe5 Qd6 24. Qe4 Nb4+ 25. Kb3 a5 26. Qd4 Qc6 27. Rd5 Nxd5 28. cxd5 Rxd5 29. Qc4 Qxc4+ 30. Kxc4 0-1

[Event "Titled Tuesday intern op 05th Jul Late"]
[Site "Chess.com INT"]
[Date "2022.07.05"]
[Round "5"]
[White "Kozlov, Gennady"]
[Black "Yuan, Qingyu"]
[Result "0-1"]
[WhiteElo "2371"]
[BlackElo "2373"]
[PlyCount "72"]
[EventDate "2022.07.05"]
[EventType "swiss (blitz)"]
[EventRounds "11"]
[EventCountry "USA"]
[SourceTitle "CBM 209 Extra"]
[Source "ChessBase"]
[SourceDate "2022.09.30"]
[SourceVersion "1"]
[SourceVersionDate "2022.09.30"]
[SourceQuality "1"]

1. b4 d5 2. Bb2 Nf6 3. e3 Bg4 4. Be2 Bxe2 5. Qxe2 e6 6. a3 Nbd7 7. f4 c5 8. bxc5 Bxc5 9. Nf3 Qb6 10. Bxf6 Nxf6 11. Nc3 0-0 12. 0-0 Qc7 13. Rfb1 Rfc8 14. Nb5 Qd8 15. c3 Ne4 16. d3 Nf6 17. Kh1 Qe7 18. a4 Bb6 19. Rb3 Ba5 20. Rc1 a6 21. Nbd4 Rc7 22. e4 dxe4 23. dxe4 Rac8 24. c4 Nd7 25. Ng5 h6 26. Rh3 Qf6 27. Rd1 hxg5 28. Qh5 Qh6 29. Qg4 Qg6 30. f5 exf5 31. exf5 Ne5 32. Qe4 Qf6 33. Qd5 Rc5 34. Qxb7 Rd8 35. g3 Rxc4 36. Qe4 Bb6 0-1

[Event "Titled Tuesday intern op 05th Jul Early"]
[Site "Chess.com INT"]
[Date "2022.07.05"]
[Round "6"]
[White "Petrova, Irina"]
[Black "Kozlov, Gennady"]
[Result "0-1"]
[WhiteElo "2127"]
[BlackElo "2371"]
[PlyCount "132"]
[EventDate "2022.07.05"]
[EventType "swiss (blitz)"]
[EventRounds "11"]
[EventCountry "USA"]
[SourceTitle "CBM 209 Extra"]
[Source "ChessBase"]
[SourceDate "2022.09.30"]
[SourceVersion "1"]
[SourceVersionDate "2022.09.30"]
[SourceQuality "1"]

1. e4 e6 2. d4 d5 3. Nc3 dxe4 4. Nxe4 Nd7 5. Nf3 Ngf6 6. Bg5 Be7 7. Bxf6 Nxf6 8. Nxf6+ Bxf6 9. Bd3 c5 10. Qe2 cxd4 11. 0-0-0 Bd7 12. Be4 Qb6 13. Rhe1 Rc8 14. Kb1 Bb5 15. Bd3 Bxd3 16. Rxd3 0-0 17. Qe4 Rfd8 18. Rb3 Qa6 19. Qxb7 Qxb7 20. Rxb7 a5 21. Rd1 e5 22. Nd2 g6 23. Ne4 Bg7 24. Ng5 Rf8 25. f3 f6 26. Ne6 Rf7 27. Rxf7 Kxf7 28. Nxg7 Kxg7 29. Rd3 f5 30. Ra3 Rc5 31. Kc1 e4 32. fxe4 fxe4 33. Kd1 Kf6 34. Rh3 h5 35. Rb3 Ke5 36. Rb6 g5 37. a4 Kf4 38. b3 Ke3 39. Rb5 Rc3 40. Rxg5 d3 41. Rg3+ Kd4 42. cxd3 e3 43. Rg5 h4 44. Rxa5 Rxb3 45. Ra8 Rb1+ 46. Kc2 e2 47. Rd8+ Kc5 48. Rc8+ Kd6 49. Kxb1 e1Q+ 50. Kb2 Qb4+ 51. Kc1 Qxa4 52. Rc2 Kd5 53. Kd2 Qf4+ 54. Ke1 Qxh2 55. Rf2 Kd4 56. Ke2 Qg3 57. Kf1 Qxd3+ 58. Kg1 Qe3 59. Kf1 Qc1+ 60. Ke2 Ke4 61. Rf3 h3 62. Rxh3 Qg1 63. Rh4+ Kf5 64. Kf3 Kg5 65. Rh3 Qf1+ 66. Kg3 Qf4# 0-1

[Event "Titled Tuesday intern op 29th Mar Early"]
[Site "Chess.com INT"]
[Date "2022.03.29"]
[Round "4"]
[White "Beerdsen, Thomas"]
[Black "Kozlov, Gennady"]
[Result "0-1"]
[WhiteElo "2496"]
[BlackElo "2374"]
[PlyCount "106"]
[EventDate "2022.03.29"]
[EventType "swiss (blitz)"]
[EventRounds "11"]
[EventCountry "USA"]
[SourceTitle "CBM 207 Extra"]
[Source "ChessBase"]
[SourceDate "2022.05.31"]
[SourceVersion "1"]
[SourceVersionDate "2022.05.31"]
[SourceQuality "1"]

1. e4 e6 2. d4 d5 3. Nc3 dxe4 4. Nxe4 Bd7 5. Nf3 Bc6 6. Ned2 Nd7 7. Nb3 Ngf6 8. c3 b6 9. Bd3 Bd6 10. 0-0 0-0 11. Re1 Re8 12. Bg5 Nf8 13. Ne5 Bb7 14. Ng4 Be7 15. Ne5 Ng6 16. Re3 Qd5 17. Qf1 Nxe5 18. Rxe5 Qc6 19. Bxf6 Bxf6 20. Be4 Qxe4 21. Rxe4 Bxe4 22. Re1 Bg6 23. Qa6 Rec8 24. h3 h5 25. Nd2 c5 26. dxc5 Rxc5 27. Ne4 Bxe4 28. Rxe4 Ra5 29. Qb7 Rd8 30. a4 Rd1+ 31. Kh2 Rd2 32. b4 Rxa4 33. Rf4 Raa2 34. Qa8+ Kh7 35. Qe4+ Kg8 36. c4 Rxf2 37. Rxf2 Rxf2 38. c5 bxc5 39. bxc5 Rf5 40. c6 Rc5 41. Qa4 a5 42. g3 Be5 43. Qe4 Bd6 44. h4 Rc3 45. Qd4 Rxc6 46. Qd3 a4 47. Qb5 Rc2+ 48. Kh3 a3 49. Qe8+ Bf8 50. Qa4 a2 51. Qa8 g6 52. Qa4 Kh7 53. Qa7 Bg7 0-1

[Event "Titled Tuesday intern op 29th Mar Early"]
[Site "Chess.com INT"]
[Date "2022.03.29"]
[Round "5"]
[White "Kozlov, Gennady"]
[Black "Kucuksari, Kaan"]
[Result "0-1"]
[WhiteElo "2374"]
[BlackElo "2364"]
[PlyCount "76"]
[EventDate "2022.03.29"]
[EventType "swiss (blitz)"]
[EventRounds "11"]
[EventCountry "USA"]
[SourceTitle "CBM 207 Extra"]
[Source "ChessBase"]
[SourceDate "2022.05.31"]
[SourceVersion "1"]
[SourceVersionDate "2022.05.31"]
[SourceQuality "1"]

1. d4 d5 2. c4 c6 3. Nc3 Nf6 4. Nf3 e6 5. Bg5 Nbd7 6. e3 Be7 7. Bd3 h6 8. Bh4 0-0 9. 0-0 dxc4 10. Bxc4 Nd5 11. Bxe7 Qxe7 12. Nxd5 exd5 13. Bd3 Nf6 14. Ne5 c5 15. Qc2 c4 16. Bf5 Bxf5 17. Qxf5 Rac8 18. Rac1 Qe6 19. Qf4 b5 20. a3 a5 21. g4 Ne4 22. Rfd1 c3 23. bxc3 Nxc3 24. Rxc3 Rxc3 25. Rb1 b4 26. axb4 a4 27. b5 Rb3 28. Ra1 a3 29. b6 Qxb6 30. Nd7 Rb1+ 31. Kg2 Rxa1 32. Nxb6 a2 33. Nxd5 Rb1 34. Ne7+ Kh8 35. g5 a1Q 36. gxh6 Rg1+ 37. Kh3 Qf1+ 38. Kh4 g5+ 0-1